| 000 | 00629nam a22001457a 4500 | ||
|---|---|---|---|
| 020 | _a978-0-00-731130-9 | ||
| 082 |
_a823 _bAHE/T |
||
| 100 | _aAHERN, CECELIA | ||
| 245 | _aTHANKS FOR THE MEMORIES | ||
| 260 |
_aLONDON _bHARPER COLLINS _c2008 |
||
| 300 | _a489 | ||
| 520 | _aA blood transfusion saves Joyce Conway's life. After she wakes up, she finds that she has memories and knowledge that she did not possess before her accident. As she deals with her impending divorce and a miscarriage, Joyce encounters a handsome American, Justin. Joyce and Justin are drawn to each other. | ||
| 650 |
_aNOVEL _zUNITED KINGDOM |
||
| 942 | _cBK | ||
| 999 |
_c2580 _d2580 |
||